000 01057cad a22002055a 4500
001 L151433
008 101105s2010 xxk f 000 0 eng d
035 _a(Sirsi) u151433
041 0 _aeng
050 0 4 _a352.4941 $2 18
110 2 _aPriceWaterhouseCoopers
_93793
245 0 0 _aSectoral and regional impact of the fiscal squeeze
_ban economic analysis of the impact of spending cuts and tax rises
_h[electronic resource]
260 _a[S.l.]
_bPwC
_c2010
520 _aEstimates the effects of the public sector spending cuts to 2014-15; the job market in the public and private sectors; the government's fiscal plans; the implications for private sector industries; implications for different regions across the UK; analysis of the construction sector.
590 _aKA NTK
651 4 _aUnited Kingdom
_y
690 _aMANAGEMENT-BUSINESS MANAGEMENT-FINANCIAL MANAGEMENT
856 4 0 _uhttps://www.ukmediacentre.pwc.com/imagelibrary/downloadMedia.ashx?MediaDetailsID=1802
_zView the website free of charge at www.ukmediacentre.pwc.com
942 _n0
999 _c111362
_d111362